Staatsblad van het Koninkrijk der Nederlanden

Detalles Bibliográficos
Formato: Desconocido
Lenguaje:neerlandés
Publicado: 's-Gravenhage [etc.] : Staatsdrukkerij en Uitgeverijbedrijf [etc.]
Materias:
Acceso en línea:Acceso restringido

MARC

LEADER 00000ny a22000003n 4500
005 20110512114633.0
008 100312c19959999ne ar p b 0 1dut
035 |a 3232 
040 |a DLC  |c DLC  |d vLex 
090 |c 1762  |d 1762 
245 3 0 |a Staatsblad van het Koninkrijk der Nederlanden  |h [Recurso electrn̤ico] 
256 |a Servicio en ln̕ea 
260 |a 's-Gravenhage [etc.] :  |b Staatsdrukkerij en Uitgeverijbedrijf [etc.] 
310 |a Anual 
651 4 |a Holanda  |x Polt̕ica y gobierno  |y Siglo 20  |x Publicaciones perid̤icas 
651 4 |a Holanda  |x Publicaciones perid̤icas 
740 0 |a vLex Revista (Servicios en ln̕ea) 
770 0 |t Bijvoegsel tot het Staatsblad van het Koninkrijk der Nederlanden 
843 |a Electrn̤ica. Abierta 
853 |8 1  |i (year)  |j (month)  |k (day) 
856 4 0 |z Acceso restringido  |u http://vlex.com/account/login_ip?fuente_id=3232  
942 |c REV 
999 0 |a Gazettes  |z Netherlands. 
999 0 |a Netherlands  |v Periodicals.